Southville International School and Colleges
Your cart is empty.
  • Cart
  • Lists
    Public lists Eva Luna New books Lux_list list_1
    Your lists Log in to create your own lists
  • Log in to your account
  • Your cookies
  • Search history
Southville International School and Colleges
  • Advanced search
  • Recent comments
  • Most popular
  • Libraries

Log in to your account

Log in with GOOGLE


If you do not have an external account, but do have a local account, you can still log in:

  1. Home
  2. MARC view: Merriam-Webster's collegiate dictionary /
Normal view MARC view ISBD view

Merriam-Webster's collegiate dictionary / (Record no. 305565)

[ view plain ]
MARC details
000 -LEADER
fixed length control field 00634nam a2200241Ia 4500
008 - FIXED-LENGTH DATA ELEMENTS--GENERAL INFORMATION
fixed length control field 170203s9999 xx 000 0 und d
020 ## - INTERNATIONAL STANDARD BOOK NUMBER
International Standard Book Number 0 877798095
050 ## - LIBRARY OF CONGRESS CALL NUMBER
Classification number 413
050 ## - LIBRARY OF CONGRESS CALL NUMBER
Item number M568 2003
245 ## - TITLE STATEMENT
Title Merriam-Webster's collegiate dictionary /
245 ## - TITLE STATEMENT
Statement of responsibility, etc Merriam-Webster, Incorporated.
250 ## - EDITION STATEMENT
Edition statement 11th edition.
260 ## - PUBLICATION, DISTRIBUTION, ETC. (IMPRINT)
Place of publication, distribution, etc Springfield, MA :
260 ## - PUBLICATION, DISTRIBUTION, ETC. (IMPRINT)
Name of publisher, distributor, etc Merriam-Webster, Incorporated.
260 ## - PUBLICATION, DISTRIBUTION, ETC. (IMPRINT)
Date of publication, distribution, etc 2003
300 ## - PHYSICAL DESCRIPTION
Extent 1623 pages :
300 ## - PHYSICAL DESCRIPTION
Other physical details illustrations :
300 ## - PHYSICAL DESCRIPTION
Dimensions 26 cm.
300 ## - PHYSICAL DESCRIPTION
Accompanying material 1 CD-ROM.
650 ## - SUBJECT ADDED ENTRY--TOPICAL TERM
Topical term or geographic name as entry element English language --
650 ## - SUBJECT ADDED ENTRY--TOPICAL TERM
Topical term or geographic name as entry element English language.
650 ## - SUBJECT ADDED ENTRY--TOPICAL TERM
General subdivision Dictionaries.
Holdings
Withdrawn status Lost status Damaged status Home library Current library Shelving location Date acquired Total Checkouts Full call number Barcode Date last seen Price effective from Koha item type
      Stonyhurst Southville International School (Batangas) Stonyhurst Southville International School (Batangas)   02/03/2017   413 .M568 2003 LS- 0732 02/03/2017 02/03/2017 Books

Merriam-Webster's collegiate dictionary /

APA

Merriam-Webster's collegiate dictionary. Springfield, MA: .

Chicago

Merriam-Webster's collegiate dictionary. Springfield, MA: .

Harvard

Merriam-Webster's collegiate dictionary. Springfield, MA: .

MLA

Springfield, MA: . .

  • Place hold
  • Print
  • Cite
  • Add to your cart (remove)
  • Save record
    BIBTEX Dublin Core MARCXML MARC (non-Unicode/MARC-8) MARC (Unicode/UTF-8) MARC (Unicode/UTF-8, Standard) MODS (XML) RIS
  • More searches
    Search for this title in:
    Other Libraries (WorldCat) Other Databases (Google Scholar) Online Stores (Bookfinder.com) Open Library (openlibrary.org)

Exporting to Dublin Core...

SOUTHVILLE LIBRARY

Southville International School and Colleges Library

1281 Tropical Ave. Cor. Luxembourg St., BF Homes International, Las Pinas City

Tel. No. 8256374 / 252358 Loc. 117/146

Powered by Koha